书目信息 |
| 题名: |
工程量清单在建筑工程造价中的应用
|
|
| 作者: | 胡绍清 , 胡红政 , 王同林 编著 | |
| 分册: | ||
| 出版信息: | 北京 中国电力出版社 2007.08 |
|
| 页数: | 323页 | |
| 开本: | 26cm | |
| 丛书名: | ||
| 单 册: | ||
| 中图分类: | TU723.3 | |
| 科图分类: | ||
| 主题词: | 建筑工程--jian zhu gong cheng--工程造价 | |
| 电子资源: | ||
| ISBN: | 978-7-5083-5261-9 | |
| 000 | 01040nam0 2200265 450 | |
| 001 | 012007592908 | |
| 005 | 20071106080225.22 | |
| 010 | @a978-7-5083-5261-9@dCNY32.00 | |
| 100 | @a20070924d2007 km y0chiy0120 ea | |
| 101 | 0 | @achi |
| 102 | @aCN@b110000 | |
| 105 | @aa z 000yy | |
| 106 | @ar | |
| 200 | 1 | @a工程量清单在建筑工程造价中的应用@Agong cheng liang qing dan zai jian zhu gong cheng zao jia zhong de ying yong@f胡绍清 ... [等] 编著@Fhu shao qing...[deng]bian zhu |
| 210 | @a北京@c中国电力出版社@d2007.08 | |
| 215 | @a323页@c图@d26cm | |
| 304 | @a题名页题: 胡绍清, 胡红政, 王同林, 蒲浩成, 毛小玲编著 | |
| 330 | @a本书系统地介绍了工程量清单在建筑工程造价中的应用。全书共13章,分别是建筑工程预算综述、建筑工程定额原理、建筑安装工程量计算原理与方法。 | |
| 606 | 0 | @a建筑工程@Ajian zhu gong cheng@x工程造价 |
| 690 | @aTU723.3@v4 | |
| 701 | 0 | @a胡绍清@Ahu shao qing@4编著 |
| 701 | 0 | @a胡红政@Ahu hong zheng@4编著 |
| 701 | 0 | @a王同林@Awang tong lin@4编著 |
| 801 | 0 | @aCN@b@c20071106 |
| 905 | @b263881-83@dTU723.3@eH505@f3 | |
| 工程量清单在建筑工程造价中的应用/胡绍清 ... [等] 编著.-北京:中国电力出版社,2007.08 |
| 323页:图;26cm |
| ISBN 978-7-5083-5261-9:CNY32.00 |
| 本书系统地介绍了工程量清单在建筑工程造价中的应用。全书共13章,分别是建筑工程预算综述、建筑工程定额原理、建筑安装工程量计算原理与方法。 |
| ● |
| 相关链接 |
|
|
|
正题名:工程量清单在建筑工程造价中的应用
索取号:TU723.3/H505
 
预约/预借
| 序号 | 登录号 | 条形码 | 馆藏地/架位号 | 状态 | 备注 |
| 1 | 263881 | 202638814 | 自科二线404/404自科库 7排1列2层/ [索取号:TU723.3/H505] | 在馆 | |
| 2 | 263882 | 202638823 | 建筑库201/201建筑库 34排4列2层/ [索取号:TU723.3/H505] | 在馆 | |
| 3 | 263883 | 202638832 | 自科二线404/404自科库 7排1列2层/ [索取号:TU723.3/H505] | 在馆 |